Giáo trình môn cờ vua
Sách giới thiệu lịch sử phát triển môn cờ vua, những điểu cơ bản trong cờ vua, phương pháp tính toán trong cờ vua, phương pháp tổ chức thi đấu cờ vua và tóm tắt luật chơi cờ vua.
Сохранить в:
| Главный автор: | |
|---|---|
| Формат: | |
| Язык: | Undetermined |
| Опубликовано: |
Cần Thơ
Trường Đại học Cần Thơ
2010
|
| Предметы: | |
| Метки: |
Добавить метку
Нет меток, Требуется 1-ая метка записи!
|
| Thư viện lưu trữ: | Trung tâm Học liệu Trường Đại học Cần Thơ |
|---|
| LEADER | 00981nam a2200229Ia 4500 | ||
|---|---|---|---|
| 001 | CTU_165458 | ||
| 008 | 210402s9999 xx 000 0 und d | ||
| 020 | |c 31460 | ||
| 082 | |a 794.147 | ||
| 082 | |b Q527 | ||
| 100 | |a Đặng, Thị Kim Quyên | ||
| 245 | 0 | |a Giáo trình môn cờ vua | |
| 245 | 0 | |c Đặng Thị Kim Quyên | |
| 260 | |a Cần Thơ | ||
| 260 | |b Trường Đại học Cần Thơ | ||
| 260 | |c 2010 | ||
| 520 | |a Sách giới thiệu lịch sử phát triển môn cờ vua, những điểu cơ bản trong cờ vua, phương pháp tính toán trong cờ vua, phương pháp tổ chức thi đấu cờ vua và tóm tắt luật chơi cờ vua. | ||
| 526 | |a Cờ vua,Cờ vua 2 (*),Cờ vua 3 (*),Cờ vua 1 (*) | ||
| 526 | |b TC394,TC026,TC027,TC025 | ||
| 650 | |a King (Chess),Vua (Cờ) | ||
| 904 | |i Bạch Trúc | ||
| 980 | |a Trung tâm Học liệu Trường Đại học Cần Thơ | ||